Dominique Blanc. Les mots pour le dire (notice n° 2050544)
[ vue normale ]
| 000 -LEADER | |
|---|---|
| fixed length control field | 00616cam a2200205 4500500 |
| 005 - DATE AND TIME OF LATEST TRANSACTION | |
| control field | 20260405001732.0 |
| 041 ## - LANGUAGE CODE | |
| Language code of text/sound track or separate title | fre |
| 042 ## - AUTHENTICATION CODE | |
| Authentication code | dc |
| 100 10 - MAIN ENTRY--PERSONAL NAME | |
| Personal name | Legros, Martin |
| Relator term | author |
| 245 00 - TITLE STATEMENT | |
| Title | Dominique Blanc. Les mots pour le dire |
| 260 ## - PUBLICATION, DISTRIBUTION, ETC. | |
| Date of publication, distribution, etc. | 2014.<br/> |
| 500 ## - GENERAL NOTE | |
| General note | 68 |
| 690 ## - LOCAL SUBJECT ADDED ENTRY--TOPICAL TERM (OCLC, RLIN) | |
| Topical term or geographic name as entry element | Cinéma |
| 690 ## - LOCAL SUBJECT ADDED ENTRY--TOPICAL TERM (OCLC, RLIN) | |
| Topical term or geographic name as entry element | Dominique Blanc |
| 690 ## - LOCAL SUBJECT ADDED ENTRY--TOPICAL TERM (OCLC, RLIN) | |
| Topical term or geographic name as entry element | Jean-Pierre Vernant |
| 690 ## - LOCAL SUBJECT ADDED ENTRY--TOPICAL TERM (OCLC, RLIN) | |
| Topical term or geographic name as entry element | Patrice Chéreau |
| 690 ## - LOCAL SUBJECT ADDED ENTRY--TOPICAL TERM (OCLC, RLIN) | |
| Topical term or geographic name as entry element | Théâtre |
| 786 0# - DATA SOURCE ENTRY | |
| Note | Philosophie magazine | 78 | 4 | 2014-04-01 | p. 82-82 | 1951-1787 |
| 856 41 - ELECTRONIC LOCATION AND ACCESS | |
| Uniform Resource Identifier | <a href="https://shs.cairn.info/magazine-philosophie-magazine-2014-4-page-82?lang=fr&redirect-ssocas=7080">https://shs.cairn.info/magazine-philosophie-magazine-2014-4-page-82?lang=fr&redirect-ssocas=7080</a> |
Pas d'exemplaire disponible.




Réseaux sociaux